000 00624nam a2200229 a 4500
001 BRL_805
005 20190320210914.0
008 081013s1981----mx-#######---#000-p#spa-#
041 _aspa
044 _amx
050 4 _aPQ7079.2
_b.P37 1981
100 1 _aPast, Ámbar
_924997
245 1 0 _aYayamé
_cÁmbar Past.
260 _aMéxico
_b[Gobierno del Estado de Chiapas]
_c1981
300 _a56 p.
_c21 cm.
440 0 _aColección Libros de chiapas. Serie básica
_v2
_924998
500 _aIncluye dedicatoria a Ruth Lechuga
500 _aAu909
650 1 4 _aPoesía
_zChiapas
_924999
902 _aGRL
942 _2lcc
_cB
999 _c9617
_d9617